Παιδιά αναγνώστες

Αποθηκεύτηκε σε:
Λεπτομέρειες βιβλιογραφικής εγγραφής
Κύριος συγγραφέας: Yates, Irene
Άλλοι συγγραφείς: Κουτσόγιωργα, Ιωάννα Π. (trlf)
Μορφή: Βιβλίο
Γλώσσα:Greek
English
Δημοσίευση: Αθήνα : Πατάκης, 1999.
Σειρά:Διδακτική πράξη και θεωρία (Πατάκης)
Θέματα:
Ετικέτες: Προσθήκη ετικέτας
Δεν υπάρχουν, Καταχωρήστε ετικέτα πρώτοι!

MARC

LEADER 00000cam a2200000 i 4500
001 1/3305
008 000714s1999 gr | ||| |||| ||gre||
020 |a 9603609927 
035 |l 10060749 
040 |a GR-MyUA  |b gre  |e AACR2 
041 1 |a gre  |h eng 
082 7 |a 372.4   |2 (22) 
100 1 |a Yates, Irene. 
245 1 0 |a Παιδιά αναγνώστες /   |c Αιριν Γιειτς ; απόδοση Ιωάννα Κουτσόγιωργα.  
260 |a Αθήνα :   |b Πατάκης,   |c 1999.  
300 |a 128 σ. :   |b εικ. ;   |c 21x27 εκ.  
490 1 |a (Διδακτική πράξη και θεωρία / Πατάκης)  
500 |a Τίτλος πρωτοτύπου: Reading success.  
650 0 0 |a Reading readiness. 
700 1 |a Κουτσόγιωργα, Ιωάννα Π.  |e trlf 
830 0 |a Διδακτική πράξη και θεωρία (Πατάκης) 
852 |a INST  |b RHODES  |e 20030612  |h 372.4 ΥΑΤ  |p 005400020327  |q 005400020327  |t BK  |y 0 
852 |a INST  |b SAMOS  |e 20000714  |h 372.4 ΥΑΤ  |p 005300017285  |q 005300017285  |t BK  |y 0 
901 |a BIBL3-2000-2 
909 |a Σ  |b 077600 
909 |a Ρ  |b 104862 
922 |a 3ΕΛΗ  |b 200003  |c ΒΙΒΛΙΟΘΗΚΗ  |d ΠΑΠΑΣΩΤΗΡΙΟΥ 
950 |a 127-1999-11-29 
970 |a ΜΑΛΑΓΑΡΗ  |b ΦΩΤΕΙΝΗ  |z 2000/07/14